[Event "2nd Irena Warakomska Memorial-A"]
[Site "Suwalki"]
[Date "2018.08.04"]
[Round "5"]
[White "Walkusz, Witoslaw"]
[Black "Punin, Andrii"]
[Result "0-1"]
[WhiteElo "2121"]
[BlackElo "2339"]
[Annotator "NA"]
[PlyCount "82"]
[EventDate "2018.08.01"]
[EventType "swiss"]
[EventCountry "POL"]
[SourceTitle "playchess.com"]
[Source "ChessBase"]
[SourceQuality "1"]
[TimeControl "40/5400+30:1800+30"]

1. e4 {[%emt 0:00:00]} c6 {[%emt 0:00:00]} 2. d4 {[%emt 0:00:00]} d5 {[%emt 0:00:00]} 3. Nd2 {[%emt 0:00:00]} dxe4 {[%emt 0:00:02]} 4. Nxe4 {[%emt 0:00:00]} Bf5 {[%emt 0:00:13]} 5. Ng3 {[%emt 0:00:00]} Bg6 {[%emt 0:00:06]} 6. Bc4 {[%emt 0:01:03]} e6 {[%emt 0:00:10]} 7. N1e2 {[%emt 0:00:17]} Nf6 {[%emt 0:01:07]} 8. Nf4 {[%emt 0:01:14]} Bd6 {[%emt 0:00:19]} 9. O-O {[%emt 0:10:47]} O-O {[%emt 0:01:48]} 10. Nxg6 {[%emt 0:02:03]} hxg6 {[%emt 0:00:07]} 11. a4 {[%emt 0:02:55]} a5 {[%emt 0:03:13]} 12. c3 {[%emt 0:07:18]} Qc7 {[%emt 0:01:58]} 13. Qf3 {[%emt 0:11:09]} Nbd7 {[%emt 0:02:06]} 14. Bg5 {[%emt 0:06:47]} c5 {[%emt 0:00:40]} 15. Bb5 {[%emt 0:10:30]} Nd5 {[%emt 0:10:22]} 16. Bxd7 {[%emt 0:09:22]} Qxd7 {[%emt 0:00:28]} 17. dxc5 {[%emt 0:00:18]} Bxc5 {[%emt 0:00:19]} 18. Ne4 {[%emt 0:05:54]} Qc6 {[%emt 0:05:44]} 19. Nxc5 {[%emt 0:08:29]} Qxc5 {[%emt 0:00:07]} 20. Rfd1 {[%emt 0:02:45]} Rac8 {[%emt 0:10:43]} 21. Rd4 {[%emt 0:02:51]} Nxc3 {[%emt 0:05:24]} 22. bxc3 {[%emt 0:07:22]} Qxg5 {[%emt 0:00:24]} 23. Qxb7 {[%emt 0:01:00]} Rxc3 {[%emt 0:00:17]} 24. h4 {[%emt 0:01:54]} Rc1+ {[%emt 0:03:56]} 25. Rxc1 {[%emt 0:01:08]} Qxc1+ {[%emt 0:00:07]} 26. Kh2 {[%emt 0:00:01]} Qc5 {[%emt 0:03:14]} 27. Qe4 {[%emt 0:01:20]} Qc7+ {[%emt 0:01:55]} 28. g3 {[%emt 0:01:08]} Rd8 {[%emt 0:01:09]} 29. Rxd8+ {[%emt 0:01:15]} Qxd8 {[%emt 0:00:06]} 30. Qc6 {[%emt 0:00:43]} Kh7 {[%emt 0:02:47]} 31. Kg1 {[%emt 0:02:11]} Qd5 {[%emt 0:02:51]} 32. Qe8 {[%emt 0:01:01]} e5 {[%emt 0:00:45]} 33. Qb5 {[%emt 0:00:48]} Qd2 {[%emt 0:05:28]} 34. Qe8 {[%emt 0:01:03]} f6 {[%emt 0:00:36]} 35. Kg2 {[%emt 0:00:50]} Qd5+ {[%emt 0:00:24]} 36. f3 {[%emt 0:01:25]} Qd2+ {[%emt 0:00:36]} 37. Kh3 {[%emt 0:00:06]} Qe3 {[%emt 0:00:41]} 38. h5 {[%emt 0:00:56]} gxh5 {[%emt 0:00:21]} 39. Qc6 {[%emt 0:00:45]} Qg1 {[%emt 0:00:35]} 40. Qc2+ {[%emt 0:00:00]} Kh6 {[%emt 0:00:00]} 41. g4 {[%emt 0:02:54]} Qh1+ {[%emt 0:01:16]} 0-1

[Event "2nd Irena Warakomska Memorial-A"]
[Site "Suwalki"]
[Date "2018.08.04"]
[Round "5"]
[White "Jankowiak, Tomasz"]
[Black "Mulet, Piotr"]
[Result "0-1"]
[WhiteElo "2117"]
[BlackElo "2238"]
[Annotator "NA"]
[PlyCount "74"]
[EventDate "2018.08.01"]
[EventType "swiss"]
[EventCountry "POL"]
[SourceTitle "playchess.com"]
[Source "ChessBase"]
[SourceQuality "1"]
[TimeControl "40/5400+30:1800+30"]

1. e4 {[%emt 0:00:00]} e6 {[%emt 0:00:00]} 2. d4 {[%emt 0:00:00]} d5 {[%emt 0:00:00]} 3. Nd2 {[%emt 0:00:00]} Nc6 {[%emt 0:00:00]} 4. Ngf3 {[%emt 0:01:53]} Nf6 {[%emt 0:00:00]} 5. e5 {[%emt 0:08:24]} Nd7 {[%emt 0:02:08]} 6. c3 {[%emt 0:00:13]} f6 {[%emt 0:00:57]} 7. exf6 {[%emt 0:00:34]} Qxf6 {[%emt 0:00:22]} 8. Bb5 {[%emt 0:13:37]} Bd6 {[%emt 0:00:46]} 9. O-O {[%emt 0:00:59]} O-O {[%emt 0:00:18]} 10. Qe2 {[%emt 0:01:36]} e5 {[%emt 0:05:07]} 11. Bxc6 {[%emt 0:07:07]} bxc6 {[%emt 0:00:10]} 12. dxe5 {[%emt 0:00:32]} Nxe5 {[%emt 0:00:11]} 13. Nxe5 {[%emt 0:00:22]} Bxe5 {[%emt 0:00:13]} 14. Re1 {[%emt 0:17:16]} Bd6 {[%emt 0:01:05]} 15. Nf1 {[%emt 0:00:19]} c5 {[%emt 0:15:13]} 16. Be3 {[%emt 0:02:10]} c6 {[%emt 0:00:11]} 17. f3 {[%emt 0:00:55]} Rb8 {[%emt 0:06:56]} 18. Rad1 {[%emt 0:05:52]} a5 {[%emt 0:01:29]} 19. a4 {[%emt 0:07:39]} Qh4 {[%emt 0:04:54]} 20. Ra1 {[%emt 0:01:34]} h6 {[%emt 0:02:41]} 21. Bf2 {[%emt 0:03:11]} Qf6 {[%emt 0:00:41]} 22. Bg3 {[%emt 0:01:59]} c4 {[%emt 0:00:13]} 23. Bf2 {[%emt 0:04:42]} Qg6 {[%emt 0:08:08]} 24. Bd4 {[%emt 0:04:29]} h5 {[%emt 0:00:32]} 25. Qf2 {[%emt 0:02:49]} Bg4 {[%emt 0:04:29]} 26. Kh1 {[%emt 0:00:03]} Bf5 {[%emt 0:06:17]} 27. Bb6 {[%emt 0:01:35]} h4 {[%emt 0:00:21]} 28. h3 {[%emt 0:04:53]} Bd3 {[%emt 0:02:52]} 29. Bxa5 {[%emt 0:00:54]} Bxf1 {[%emt 0:02:12]} 30. Rxf1 {[%emt 0:00:56]} c5 {[%emt 0:01:11]} 31. Qd2 {[%emt 0:07:33]} d4 {[%emt 0:07:56]} 32. cxd4 {[%emt 0:01:18]} Qg3 {[%emt 0:00:24]} 33. f4 {[%emt 0:00:14]} Rxf4 {[%emt 0:00:13]} 34. Kg1 {[%emt 0:00:37]} Rxd4 {[%emt 0:03:45]} 35. Qc3 {[%emt 0:00:40]} Qh2+ {[%emt 0:00:19]} 36. Kf2 {[%emt 0:00:02]} Rf8+ {[%emt 0:00:20]} 37. Ke3 {[%emt 0:00:34]} Qe5# {[%emt 0:00:11]} 0-1

[Event "2nd Irena Warakomska Memorial-A"]
[Site "Suwalki"]
[Date "2018.08.04"]
[Round "5"]
[White "Tarun V Kanth"]
[Black "Bukojemski, Adam"]
[Result "1/2-1/2"]
[WhiteElo "2102"]
[BlackElo "2233"]
[Annotator "NA"]
[PlyCount "49"]
[EventDate "2018.08.01"]
[EventType "swiss"]
[EventCountry "POL"]
[SourceTitle "playchess.com"]
[Source "ChessBase"]
[SourceQuality "1"]
[TimeControl "40/5400+30:1800+30"]

1. d4 {[%emt 0:00:00]} Nf6 {[%emt 0:00:00]} 2. c4 {[%emt 0:00:00]} g6 {[%emt 0:00:00]} 3. Nc3 {[%emt 0:00:00]} Bg7 {[%emt 0:00:00]} 4. e4 {[%emt 0:00:00]} d6 {[%emt 0:00:00]} 5. Bd3 {[%emt 0:00:00]} e5 {[%emt 0:01:02]} 6. d5 {[%emt 0:00:00]} Na6 {[%emt 0:01:12]} 7. Nge2 {[%emt 0:00:59]} Nc5 {[%emt 0:00:39]} 8. Bc2 {[%emt 0:00:01]} a5 {[%emt 0:00:19]} 9. O-O {[%emt 0:00:02]} O-O {[%emt 0:00:16]} 10. h3 {[%emt 0:00:30]} Bd7 {[%emt 0:05:09]} 11. Be3 {[%emt 0:00:04]} b6 {[%emt 0:00:39]} 12. Qd2 {[%emt 0:00:51]} Qc8 {[%emt 0:05:49]} 13. b3 {[%emt 0:08:53]} Nh5 {[%emt 0:06:31]} 14. Bh6 {[%emt 0:10:04]} f5 {[%emt 0:31:56]} 15. exf5 {[%emt 0:05:42]} Bxf5 {[%emt 0:03:50]} 16. Bxf5 {[%emt 0:11:26]} Rxf5 {[%emt 0:00:33]} 17. g4 {[%emt 0:13:28]} Rf3 {[%emt 0:00:13]} 18. gxh5 {[%emt 0:06:49]} Bxh6 {[%emt 0:08:07]} 19. Qxh6 {[%emt 0:00:18]} Qxh3 {[%emt 0:00:05]} 20. Qg5 {[%emt 0:04:04]} Raf8 {[%emt 0:00:07]} 21. h6 {[%emt 0:16:49]} R8f5 {[%emt 0:12:50]} 22. Qd8+ {[%emt 0:01:16]} Rf8 {[%emt 0:03:24]} 23. Qg5 {[%emt 0:00:01]} R8f5 {[%emt 0:06:37]} 24. Qd8+ {[%emt 0:02:53]} Rf8 {[%emt 0:01:23]} 25. Qg5 1/2-1/2

[Event "2nd Irena Warakomska Memorial-A"]
[Site "Suwalki"]
[Date "2018.08.04"]
[Round "5"]
[White "Dmochowska, Agnieszka"]
[Black "Zaika, Daniil"]
[Result "1-0"]
[WhiteElo "2096"]
[BlackElo "2213"]
[Annotator "NA"]
[PlyCount "65"]
[EventDate "2018.08.01"]
[EventType "swiss"]
[EventCountry "POL"]
[SourceTitle "playchess.com"]
[Source "ChessBase"]
[SourceQuality "1"]
[TimeControl "40/5400+30:1800+30"]

1. e4 {[%emt 0:00:00]} c5 {[%emt 0:00:00]} 2. Nf3 {[%emt 0:00:00]} d6 {[%emt 0:00:02]} 3. d4 {[%emt 0:00:00]} cxd4 {[%emt 0:00:09]} 4. Nxd4 {[%emt 0:00:03]} Nf6 {[%emt 0:00:09]} 5. Nc3 {[%emt 0:00:04]} a6 {[%emt 0:00:11]} 6. Be3 {[%emt 0:00:09]} e5 {[%emt 0:01:14]} 7. Nf3 {[%emt 0:00:29]} Be6 {[%emt 0:10:35]} 8. Ng5 {[%emt 0:03:28]} b5 {[%emt 0:21:18]} 9. Be2 {[%emt 0:07:35]} Bc4 {[%emt 0:06:10]} 10. Bxc4 {[%emt 0:06:44]} bxc4 {[%emt 0:00:25]} 11. O-O {[%emt 0:00:26]} Nbd7 {[%emt 0:02:39]} 12. Nf3 {[%emt 0:08:46]} Be7 {[%emt 0:04:32]} 13. Bg5 {[%emt 0:06:39]} O-O {[%emt 0:01:42]} 14. Qe2 {[%emt 0:04:43]} Qc7 {[%emt 0:06:08]} 15. Rfd1 {[%emt 0:01:08]} Rab8 {[%emt 0:00:50]} 16. Rab1 {[%emt 0:00:47]} Rb4 {[%emt 0:03:14]} 17. Bxf6 {[%emt 0:14:24]} Nxf6 {[%emt 0:00:49]} 18. Nd5 {[%emt 0:02:16]} Nxd5 {[%emt 0:00:09]} 19. Rxd5 {[%emt 0:00:08]} c3 {[%emt 0:16:32]} 20. b3 {[%emt 0:00:24]} f5 {[%emt 0:00:17]} 21. exf5 {[%emt 0:02:11]} Qb7 {[%emt 0:05:32]} 22. Rbd1 {[%emt 0:07:55]} Rxf5 {[%emt 0:02:00]} 23. h3 {[%emt 0:00:41]} Rbf4 {[%emt 0:02:22]} 24. Qe3 {[%emt 0:03:56]} Qc6 {[%emt 0:07:19]} 25. R5d3 {[%emt 0:09:07]} Qe8 {[%emt 0:02:00]} 26. Rxc3 {[%emt 0:02:10]} Qg6 {[%emt 0:01:34]} 27. Qe2 {[%emt 0:02:59]} e4 {[%emt 0:00:38]} 28. Rc8+ {[%emt 0:05:39]} Bf8 {[%emt 0:00:12]} 29. Nd4 {[%emt 0:03:27]} Rxf2 {[%emt 0:00:55]} 30. Qxe4 {[%emt 0:01:44]} Rxg2+ {[%emt 0:02:19]} 31. Qxg2 {[%emt 0:00:30]} Rg5 {[%emt 0:00:05]} 32. Rxf8+ {[%emt 0:00:11]} Kxf8 {[%emt 0:01:38]} 33. Ne6+ {[%emt 0:00:12]} 1-0

[Event "2nd Irena Warakomska Memorial-A"]
[Site "Suwalki"]
[Date "2018.08.04"]
[Round "5"]
[White "Wacior, Maciej"]
[Black "Bugalski, Michal"]
[Result "0-1"]
[WhiteElo "2081"]
[BlackElo "2263"]
[Annotator "TA"]
[PlyCount "276"]
[EventDate "2018.08.01"]
[EventType "swiss"]
[EventCountry "POL"]
[SourceTitle "playchess.com"]
[Source "ChessBase"]
[SourceQuality "1"]

{[%evp 9,276,-6,0,-8,0,0,0,0,2,0,0,-2,0,0,0,-5,0,0,20,6,25,8,22,-10,0,0,0,-5,0,-26,-25,-128,-128,-131,-134,-136,-125,-133,-134,-125,-122,-118,-118,-126,-133,-176,-171,-254,-200,-198,-186,-201,-202,-163,-84,-111,-110,-104,-80,-81,-79,-984,-983,-968,-953,-949,-925,-898,-868,-868,-499,-469,-410,-417,-409,-391,-374,-456,-501,-473,-494,-482,-480,-495,-448,-419,-364,-415,-295,-508,-500,-520,-258,-290,-269,-369,-334,-355,-340,-310,-293,-304,0,0,0,-25,-50,-133,0,0,0,0,0,0,0,0,0,0,0,-258,-258,-258,-258,-258,-258,-258,-258,-258,-258,-258,-258,-258,-258,-258,-258,-258,-258,-258,-258,-258,-258,-258,-258,-258,-258,-319,-319,-319,-319,-319,-319,-319,-319,-1894,-319,-319,-317,-319,-319,-312,-312,-279,-264,-257,0,0,0,0,0,0,0,0,0,-29983,-7,0,0,-2297,0,0,0,-29968,-29969,-29977,0,0,0,0,0,0,0,0,0,0,0,0,0,-29977,-29978,-29978,-29976,-12797,-2297,-2247,-2213,-1337,-317,0,0,0,0,0,0,0,0,0,0,0,0,0,0,0,0,0,0,0,0,0,0,0,0,0,0,0,0,0,0,0,0,-29987,-29976,-29976,-29977,-29976,-29978,-29981,-29982,-29982,-29983,-29983,-29984,-29984,-29985,-29985,-29986,-29986,-29987,-29986,-29987,-29987,-29988,-29991,-29989,-29989,-29990,-29991,-29992,-29992,-29991]} 1. d4 Nf6 2. Bf4 d5 3. Nf3 c5 4. e3 Qb6 5. b3 (5. dxc5 Qxb2 6. Nbd2 Nc6 7. Rb1 Qc3 8. Bb5 e6 9. Ne5 Bd7 10. Nxd7 Nxd7 11. O-O Bxc5 12. e4 O-O 13. exd5 exd5 {½-½ (55) Navara,D (2727)-Harikrishna,P (2732) Prague 2018}) 5... Nc6 {LiveBook: 9 Games} 6. Be2 {D02: 1 d4 d5 2 Nf3 sidelines, including 2...Nf6 3 g3 and 2...Nf6 3 Bf4} Bf5 7. O-O e6 8. Nc3 {The position is equal.} Ne4 $146 ({Predecessor:} 8... Rc8 9. Na4 Qa5 10. dxc5 Bxc5 11. c3 Be7 12. b4 Qd8 {1-0 (34) Kadas,G (2226)-Fodre,S (2207) Hungary 2002}) 9. Nxe4 Bxe4 10. c3 cxd4 11. exd4 Ba3 12. Bc1 Bd6 13. Bd3 Bg6 14. Re1 Qc7 15. h3 O-O 16. Bb2 Rac8 17. Bxg6 hxg6 18. Ng5 Ne7 19. h4 Nf5 20. h5 (20. Nf3 $11 {keeps the balance.}) 20... Bh2+ $17 21. Kh1 {Threatens to win with hxg6.} Bf4 22. Nh3 {With the idea hxg6.} gxh5 23. Qf3 Bh6 24. Qxh5 Bd2 25. Red1 Bxc3 26. Rac1 Qa5 $1 (26... g6 $6 27. Qf3 $11) 27. Bxc3 Rxc3 28. g4 (28. Ng5 $142 Nh6 29. Qe2) 28... g6 29. Qg5 Rxh3+ 30. Kg2 Rh8 (30... Qxa2 31. Kxh3 Nd6 32. Qe3 $11) 31. gxf5 exf5 (31... Rh5 $1 $19 {[%cal Rh5g5]} 32. Qe3 Rxf5) 32. Rh1 {Intending Qf6 and mate.} Kg7 $1 ({Not} 32... Qxa2 33. Rxh8+ Kg7 34. Qh6+ Kf6 35. Qh4+ Ke6 36. Rxf8 Qc2 37. Rxc2 g5 38. Qxg5 Kd7 39. Rxf7+ Ke8 40. Qg8#) 33. Qe7 Qd8 34. Qe5+ Qf6 35. Qxd5 $2 {[%mdl 8192]} (35. Rxh8 $17 Rxh8 36. f4) 35... Qg5+ $19 36. Kf3 Qg4+ 37. Ke3 Re8+ 38. Kd3 Qe2+ 39. Kc3 Qxf2 40. Rxh8 Qe3+ ({Weaker is} 40... Rxh8 41. Qe5+ Kg8 42. Qb8+ Kg7 43. Qe5+ Kg8 44. Qb8+ Kg7 45. Qe5+ $11) 41. Kb2 Rxh8 {[%mdl 4096] Endgame KQR-KQR} ({Inferior is} 41... Kxh8 42. Qxf7 Qd2+ 43. Kb1 $11) 42. Rc7 Qe2+ 43. Kc3 Rh3+ 44. Kb4 {[#]} a5+ $1 {[%cal Ba7a5,Ba5a4][%mdl 32]} 45. Ka3 (45. Kxa5 Qa6+) 45... Rh2 {[%csl Gh2][%cal Re2a2]} 46. Qxf7+ Kh6 {[%csl Gh2][%cal Re2a2]} 47. Ka4 Qxa2+ 48. Kb5 {[#]} a4 $1 49. Qg7+ $2 (49. Rxb7 Qxb3+ 50. Qxb3 axb3 51. Kc4) (49. bxa4 Qb1+) 49... Kg5 50. Rc3 {intending Rg3+.} Qg2 (50... Rb2 $142 51. Qe7+ Kg4) 51. Qe7+ Kg4 52. Qf7 g5 53. Kxa4 b6 54. Kb5 Rh6 55. Qd7 Rh3 $2 (55... Qd2 $19 56. Qc7 Rh3 57. Rxh3 Kxh3) 56. Rxh3 $11 Qxh3 {KQ-KQ} 57. b4 Qd3+ 58. Kxb6 Kg3 (58... Kh4 $1 $17 59. d5 f4) 59. d5 f4 60. d6 {And now Qc7 would win.} Qd4+ 61. Ka5 {Hoping for Qc7.} Qd5+ 62. b5 f3 63. Qc7 Qe5 64. Kb6 $2 {[%mdl 8192]} (64. Qe7 $11 {and White is okay.} Qc5 65. Qc7) 64... f2 $1 $19 {[%cal Rf2f1]} 65. d7 Qxc7+ 66. Kxc7 f1=Q 67. d8=Q Qxb5 {KQ-KQ} 68. Qd6+ Kf3 69. Qd1+ Qe2 70. Qd5+ Kf4 {...Qe5+ is the strong threat.} 71. Qd4+ Qe4 72. Qd2+ Kg4 {Strongly threatening ...Qf4+.} 73. Qd1+ Qf3 74. Qd7+ Kg3 75. Kb6 g4 76. Kb5 Qe2+ 77. Kb4 Kh2 78. Qd6+ g3 79. Qh6+ Kg1 80. Qc1+ Kf2 81. Qc5+ $2 (81. Qf4+ Kg2 82. Qd4) 81... Kf1 $2 (81... Qe3 82. Qc2+ Ke1) 82. Qf5+ Qf2 83. Qd3+ Kg1 84. Qd1+ Qf1 85. Qd4+ Kh2 86. Qd2+ g2 $2 (86... Qg2 $19 87. Qh6+ Qh3) 87. Qh6+ Kg1 {White must now prevent ...Qf5.} 88. Qe3+ $1 Qf2 89. Qc1+ $1 Kh2 90. Qh6+ Kg3 (90... Kg1 $5 91. Qc1+ $8 Kh2 92. Qh6+ Kg3 93. Qg6+ Kh4 94. Qh7+ Kg5 95. Qg7+ Kh4 96. Qh7+ Kg4 97. Qg8+ Kf3 98. Qa8+ Ke3 99. Qa7+ Ke2 100. Qa6+ Kf3 101. Qa8+ Kg4 102. Qg8+ Kh4 103. Qd8+ Kg4 104. Qg8+ $11) 91. Qg5+ $2 {[%mdl 8192]} (91. Qg6+ $11 Kh3 92. Qe6+ Kh2 93. Qh6+ Kg1 94. Qc1+ Kh2 95. Qh6+) 91... Kf3 $2 (91... Kh3 92. Kb5 g1=Q 93. Qh5+ Qh4 94. Qf3+ Kh2 95. Qe2+ Qgf2 96. Qe5+ Kg1 97. Qg7+ Kf1 98. Qa1+ Qe1 99. Qxe1+ Qxe1 100. Kb6 Qe6+ 101. Kc7 Ke2 102. Kb8 Kd3 103. Kc7 Kc4 104. Kb7 Kc5 105. Kc7 Qf7+ 106. Kd8 Kd6 107. Kc8 Qc7#) 92. Qh5+ Ke3 93. Qe5+ $2 {[%mdl 8192]} (93. Qc5+ $11 Ke2 94. Qc2+ Kf1 95. Qd3+ Qe2 96. Qf5+ Ke1 97. Qg6) 93... Kd2 $2 ({Better is} 93... Kd3 $19 94. Qc3+ Ke2 95. Qc2+ Kf1 96. Qc4+ Qe2 97. Qf4+ Ke1 98. Qc1+ Kf2 99. Qf4+ Qf3 100. Qd2+ Kg3 101. Qe1+ Kf4 102. Qd2+ Kg4 103. Qd7+ Kg3) 94. Qb2+ $1 $11 Ke1 95. Qc1+ $2 {[%mdl 8192]} (95. Qa1+ $11 Ke2 96. Qa6+ Kf3 97. Qa8+ Kf4 98. Qb8+ Kg4 99. Qg8+ Kf3 100. Qa8+ Kg4 101. Qg8+ Kh3 102. Qc8+ Kh2 103. Qh8+ Kg3 104. Qg8+ Kh4 105. Qh8+ Kg5 106. Qg7+ Kh4 107. Qh7+ Kg5 108. Qg7+ Kf4 109. Qf7+ Kg3 110. Qg8+ Kf3 111. Qa8+) 95... Ke2 96. Qc4+ Kf3 $2 (96... Kd1 $1 {mates} 97. Qb3+ Kc1 98. Qc3+ Qc2 99. Qg3 Qe4+ 100. Kc5 Kd1 101. Qg5 Qc2+ 102. Kb5 Qf2 103. Qd5+ Ke1 104. Qg5 g1=Q 105. Qc1+ Ke2 106. Qc4+ Kd2 107. Qb4+ Ke2 108. Qc4+ Kd1 109. Qa4+ Qc2 110. Qa1+ Qc1 111. Qa4+ Qc2 112. Qa1+ Qc1 113. Qxc1+ Kxc1 114. Kc6 Qd1 115. Kc7 Kc2 116. Kc8 Kc3 117. Kc7 Kc4 118. Kc8 Kc5 119. Kc7 Qh5 120. Kd8 Qf7 121. Kc8 Kc6 122. Kd8 Qf8#) 97. Qc6+ Kg3 (97... Ke3 $5 98. Qe6+ $8 Kf3 99. Qf6+ Kg3 100. Qg6+ Kh3 101. Qe6+ Kh2 102. Qh6+ Kg3 103. Qg6+ Kh4 104. Qh7+ Kg5 105. Qg7+ Kh4 106. Qh7+ Kg4 107. Qg8+ Kh3 108. Qc8+ Kh2 109. Qh8+ Kg3 110. Qg8+ Kh3 111. Qc8+ Kh2 112. Qh8+ Kg3 113. Qg8+ Kh3 $11) 98. Qg6+ $1 Kh3 99. Qe6+ Kh4 (99... Kh2 $5 100. Qh6+ $8 Kg3 101. Qg6+ Kh2 102. Qh5+ Kg3 103. Qg6+ $11) 100. Qh6+ Kg3 (100... Kg4 $5 101. Qg6+ $8 Kh4 102. Qh6+ Kg4 103. Qg6+ Kh4 104. Qh7+ Kg5 105. Qg8+ Kh5 106. Qe8+ Kh4 107. Qh8+ Kg5 108. Qg7+ Kh4 109. Qh8+ Kg5 110. Qg7+ Kf4 111. Qf7+ Ke3 112. Qa7+ Ke2 113. Qa6+ Ke3 114. Qa7+ Ke2 115. Qa6+ Ke3 116. Qa7+ $11) 101. Qg6+ Kf3 102. Qc6+ Ke2 103. Qc4+ $2 {[%mdl 8192]} (103. Qa6+ $11 Kf3 104. Qa8+ Kf4 105. Qb8+ Kf3 106. Qa8+ Kg4 107. Qg8+ Kh4 108. Qd8+ Kh3 109. Qc8+ Kh2 110. Qh8+ Kg3 111. Qg8+ Kh4 112. Qd8+ Kh3 113. Qc8+ Kh4 114. Qh8+ Kg4 115. Qg8+ Kh3 116. Qc8+) 103... Kd1 $1 104. Qb3+ Kc1 105. Qc3+ Kb1 (105... Qc2 $142 106. Qg3 Qd2+ 107. Kc4 Kb1 108. Qb8+ Ka1 109. Qe5+ Ka2) 106. Qd3+ $19 Qc2 $1 {[%cal Rc2d3]} 107. Qe3 {[#]} Qb2+ $1 108. Ka5 Ka1 {aiming for ...Qa2+.} 109. Qe1+ Ka2 110. Qe6+ Kb1 111. Qe1+ Qc1 (111... Kc2 $5 112. Qe2+ $8 Kb3 113. Qb5+ Ka2 114. Qd5+ Ka3 115. Qd6+ Ka2 116. Qd5+ Ka3 117. Qc5+ Kb3 118. Qd5+ Ka3 $11) 112. Qe4+ Qc2 113. Qe1+ $1 Ka2 114. Qe6+ Qb3 115. Qe2+ Qb2 116. Qe6+ Kb1 117. Qe1+ Qc1 (117... Kc2 $5 118. Qe2+ $8 Kb3 119. Qe6+ Kc2 120. Qe2+ Kb1 121. Qd1+ Qc1 122. Qb3+ Ka1 123. Qa4+ Kb2 124. Qb5+ Ka2 125. Qd5+ Kb1 126. Qxg2 Qc5+ 127. Ka4 Qd4+ 128. Kb3 Qd3+ 129. Kb4 Qd6+ 130. Kc4 Qe6+ 131. Qd5 Qxd5+ 132. Kxd5 $11) 118. Qe4+ Qc2 119. Qe1+ $1 Kb2 {( -> ...Qc3+)} 120. Qb4+ Ka2 121. Qd4 Qc7+ 122. Ka4 Qc6+ 123. Kb4 Qb7+ 124. Ka4 $2 {[%mdl 8192]} (124. Ka5 $11) 124... Qa8+ {Black mates.} 125. Kb5 {[#]} Qe8+ $1 126. Kc5 Qf8+ 127. Kb6 Qh6+ 128. Ka7 Qh7+ 129. Ka6 Qg6+ 130. Ka5 g1=Q 131. Qa4+ Kb2 {[%csl Gg1][%cal Rg6b6]} 132. Qb4+ Kc2 133. Qa4+ Kd3 {[%csl Gg1][%cal Rg6b6]} 134. Qb5+ Ke4 135. Qc4+ Kf3 136. Qd5+ Kf4 137. Qd2+ Qe3 138. Qh2+ Qgg3 {Precision: White = 49%, Black = 56%.} 0-1

[Event "2nd Irena Warakomska Memorial-A"]
[Site "Suwalki"]
[Date "2018.08.05"]
[Round "6"]
[White "Tomczak, Jacek"]
[Black "Aleksandrov, Aleksej"]
[Result "1/2-1/2"]
[WhiteElo "2596"]
[BlackElo "2585"]
[Annotator "TA"]
[PlyCount "58"]
[EventDate "2018.08.01"]
[EventType "swiss"]
[EventCountry "POL"]
[SourceTitle "playchess.com"]
[Source "ChessBase"]
[SourceQuality "1"]

{[%evp 20,58,17,17,27,3,33,40,39,0,12,7,31,19,30,28,53,53,53,53,53,53,53,43,43,0,0,0,0,0,0,0,0,0,0,0,0,0,43,0,0]} 1. e4 e5 2. Nf3 Nc6 3. Bc4 Bc5 4. c3 Nf6 5. d4 exd4 6. e5 d5 7. Be2 {C54: Giuoco Piano: 4 c3 Nf6, main lines with 5 d4 and 5 d3} (7. Bb5 Ne4 8. cxd4 Bb6 9. Nc3 O-O 10. Be3 Bg4 11. h3 Bh5 12. Qc2 Bxf3 13. gxf3 Ng5 14. O-O-O Nxf3 15. Bxc6 bxc6 16. Qf5 Nh4 17. Qg4 Ng6 {½-½ (38) Naiditsch,A (2701)-Anand,V (2776) Karlsruhe/Baden-Baden 2018}) 7... Ne4 8. cxd4 Bb6 9. O-O O-O 10. Nc3 Bf5 11. Be3 {LiveBook: 3 Games} h6 $146 ({Predecessor:} 11... f6 12. exf6 Nxc3 13. bxc3 Qxf6 14. Bg5 Qg6 15. Bf4 Be4 16. Bg3 Rae8 {½-½ (36) Sveshnikov,E (2514)-Colovic,A (2451) Porto Carras 2011}) 12. Rc1 Kh8 13. Na4 f6 14. exf6 Qxf6 15. a3 Bg4 (15... Nd6 {is more complex.} 16. Nxb6 axb6 17. Bf4 Bg4 18. Be5 Qe7) 16. b4 Bxf3 17. Bxf3 Nxd4 18. Bxe4 dxe4 19. Nxb6 Rad8 $1 {[#] Threatens to win with ...Nf3+!} 20. Bxd4 Rxd4 21. Nd7 Rxd1 22. Nxf6 (22. Rcxd1 {seems wilder.} Qd8 23. Nxf8 Qxf8 24. Rd7 a5 25. Rxc7 axb4 26. Rxb7 bxa3 27. Ra7) 22... Rxc1 23. Rxc1 Rxf6 24. Rxc7 $14 {[%mdl 4096] Endgame KR-KR} Ra6 25. Rxb7 (25. Rc3 {is interesting.} g6 26. Kf1 Kg7 27. Ke2 Kf6 28. Ke3) 25... Rxa3 {[%cal Ra3a1] [#]} 26. Kf1 a5 27. bxa5 Rxa5 28. Re7 Ra1+ 29. Ke2 Rh1 {Precision: White = 81%, Black = 62%.} 1/2-1/2

[Event "2nd Irena Warakomska Memorial-A"]
[Site "Suwalki"]
[Date "2018.08.05"]
[Round "6"]
[White "Stupak, Kirill"]
[Black "Caspi, Israel"]
[Result "1/2-1/2"]
[WhiteElo "2573"]
[BlackElo "2454"]
[Annotator "TA"]
[PlyCount "68"]
[EventDate "2018.08.01"]
[EventType "swiss"]
[EventCountry "POL"]
[SourceTitle "playchess.com"]
[Source "ChessBase"]
[SourceQuality "1"]

{[%evp 14,68,20,8,20,22,22,20,20,24,11,0,0,0,0,0,0,-4,0,-21,0,-18,0,-4,0,-1,0,-7,-6,-37,0,-1,0,-31,-1,0,-2,-45,-44,-42,-19,-50,-25,-15,-19,-25,-25,-25,-17,-35,-25,-27,-37,-31,-32,-27,-18]} 1. d4 f5 2. g3 Nf6 3. Bg2 g6 4. Nh3 Bg7 5. Nf4 Nc6 6. d5 Ne5 {A81: Dutch Defence: 2 g3} 7. Nc3 c6 8. h4 {LiveBook: 8 Games} e6 {The position is equal.} 9. dxe6 dxe6 10. Qxd8+ Kxd8 11. h5 Kc7 $146 ({Predecessor:} 11... Ke7 12. h6 Bf8 13. e4 Nf7 14. Nd3 {½-½ (27) Gupta,A (2619)-Filippov,A (2619) Tashkent 2014}) 12. hxg6 hxg6 13. Rxh8 Bxh8 14. e4 Bd7 15. Nh3 Nf7 16. Nf4 Ne5 17. Bd2 Bg7 18. Rd1 Nfg4 19. b3 Rg8 20. Na4 {Strongly threatening Nc5.} b6 21. Bc3 Nf7 22. Bxg7 Rxg7 23. Ke2 e5 24. Nd3 Nf6 25. exf5 gxf5 26. Kf1 Rg8 27. Nab2 Re8 28. Nc4 Nd5 29. Bxd5 cxd5 30. Ne3 d4 31. Nd5+ Kd6 32. Nf6 $1 {[%cal Rf6e8]} Rc8 {[#] aiming for ...Bb5.} 33. Nxd7 Kxd7 34. Ne1 Rc3 {Precision: White = 60%, Black = 52%.} 1/2-1/2